Statistics for Biggest Cities in Egypt Quiz

Click here to take the quiz!

General Stats

  • This quiz has been taken 141 times
  • The average score is 7 of 16

Answer Stats

PopulationCity% Correct
9,293,612Cairo
100%
5,107,530Alexandria
99%
4,212,750Giza
89%
760,152Port Said
73%
740,874Suez
71%
337,472Aswan
66%
480,516Asyut
33%
397,446Ismailia
30%
528,672Tanta
27%
570,271El Mansoura
26%
1,187,747Shubra el-Kheima
20%
396,852Zagazig
17%
355,6166th of October
15%
543,271Mahalla el-Kubra
14%
489,377Fayoum
13%
468,194Al-Khusus
5%

Score Distribution

Percentile by Number Answered

Percent of People with Each Score

Your Score History

You have not taken this quiz